Statistiques concernant Aéroports les plus fréquentés du monde

Cliquez ici pour prendre le quiz!

Statistiques générales

  • Ce quiz a été pris 15 518 fois
    (11 488 depuis la dernière actualisation)
  • Le résultat moyen est 26 sur 50

Statistiques - réponses

millionsville% Correct
66,0Paris
99%
58,8New York (JFK)
95%
40,3New York (Newark)
95%
43,1Londres (Gatwick)
90%
75,7Londres (Heathrow)
90%
79,7Tokyo (Haneda)
88%
39,0Tokyo (Narita)
88%
94,4Pékin
87%
80,9Los Angeles
86%
50,4Madrid
85%
41,8Rome
79%
41,4Mexico
71%
42,0Sydney
71%
55,6Delhi
64%
78,3Chicago
63%
44,6Miami
61%
44,1Barcelone
60%
83,7Dubaï
60%
63,6Amsterdam
57%
57,8Séoul
55%
58,7Singapour
55%
60,2Istanbul
54%
70,3Hong Kong
53%
55,0Jakarta
52%
53,1San Francisco
52%
40,4Shanghai (Hongqiao)
52%
66,0Shanghai (Pudong)
52%
44,3Toronto
52%
44,7Bombay
50%
104Atlanta
49%
55,9Bangkok
46%
42,3Munich
44%
65,7Dallas
42%
60,8Francfort
41%
41,6Houston
38%
47,5Las Vegas
38%
45,8Seattle
38%
59,7Canton
34%
39,5Manille
34%
52,6Kuala Lumpur
32%
37,3Doha
30%
58,3Denver
27%
42,3Taipei
25%
43,3Phoenix
18%
42,0Orlando
16%
42,0Shenzhen
15%
44,4Charlotte
10%
37,4Minneapolis
8%
46,1Chengdu
7%
42,0Kunming
3%

Distribution des résultats

Percentile par nombre de réponses

% des personnes avec chaque résultat

Votre développement - résultats

Vous n’avez pas pris ce quiz depuis la dernière actualisation